Alcohol : (Record no. 100060)

MARC details
000 -LEADER
fixed length control field 00795nam a22002417a 4500
005 - DATE AND TIME OF LATEST TRANSACTION
control field 20230209152049.0
010 ## - LCCN (DPL NO)
LC control number ENG-115142 ENG-136184
020 ## - INTERNATIONAL STANDARD BOOK NUMBER
International Standard Book Number 9789385755903
Terms of availability 599.00
035 ## - SYSTEM CONTROL NUMBER
System control number EN-98674
035 ## - SYSTEM CONTROL NUMBER
System control number EN-119716
037 ## - SOURCE OF ACQUISITION
Source of stock number/acquisition DBAD/PUB
082 ## - DEWEY DECIMAL CLASSIFICATION NUMBER
Classification number 394.13
100 ## - MAIN ENTRY--PERSONAL NAME
Personal name Phillips, Rod
245 ## - TITLE STATEMENT
Title Alcohol :
Statement of responsibility, etc by Rod Phillips
Remainder of title a history /
260 ## - PUBLICATION, DISTRIBUTION, ETC. (IMPRINT)
Place of publication, distribution, etc New Delhi
Name of publisher, distributor, etc Speaking Tiger
Date of publication, distribution, etc 2014
270 ## - ADDRESS
Address 4381/4 Ansari Road, Daryaganj,
City New Delhi
Postal code 110002
300 ## - PHYSICAL DESCRIPTION
Extent 370p.
Dimensions 24cm(pbk)
500 ## - GENERAL NOTE
General note Includes bibliographical references and index
650 ## - SUBJECT ADDED ENTRY--TOPICAL TERM
Topical term or geographic name as entry element Alcohol
General subdivision Social aspects
-- History.
650 ## - SUBJECT ADDED ENTRY--TOPICAL TERM
Topical term or geographic name as entry element Drinking of alcoholic beverages
General subdivision Social aspects
-- History.
650 ## - SUBJECT ADDED ENTRY--TOPICAL TERM
Topical term or geographic name as entry element Alcoholic beverage industry
General subdivision History.
942 ## - ADDED ENTRY ELEMENTS (KOHA)
Source of classification or shelving scheme Dewey Decimal Classification
Item type English Books
Call number suffix PHI
Classification part 394.13
Holdings
Withdrawn status Lost status Not for loan Collection code Home library Current library Date acquired Source of acquisition Cost, normal purchase price Full call number Barcode Copy number Cost, replacement price Koha item type
    Not For Loan Non-fiction Ashok Vihar Ashok Vihar 09/02/2023 DBAD/PUB 599.00 394.13 PHI EN-119716 1 599.00 English Books
      Non-fiction Central Jail Tihar Central Jail Tihar 24/05/2016 DBAD/PUB 599.00 394.13 PHI EN-98674 1 599.00 English Books

© Delhi Public Library
Hit Counter
free hit counter